000 00838cam a22002414a 4500
001 14688542
005 20260421163735.0
008 070108s2007 tnu b 000 0 eng
020 _a9780835899192
020 _a0835899195
050 0 0 _aBV4447
_b.A77 2007
082 0 0 _a259/.23
_222
100 1 _aArthur, Sarah.
245 1 4 _aThe God-hungry imagination :
_bthe art of storytelling for postmodern youth ministry /
_cSarah Arthur.
260 _aNashville, TN :
_bUpper Room Books,
_cc2007.
300 _a207 p. ;
_c23 cm.
650 0 _aChurch work with youth.
650 0 _aStorytelling
_xReligious aspects
_xChristianity.
650 0 _aSpiritual formation.
650 0 _aImagination
_xReligious aspects
_xChristianity.
856 4 1 _3Table of contents only
_uhttp://www.loc.gov/catdir/toc/ecip078/2007000449.html
942 _2lcc
_cBK
_n0
999 _c9378
_d9378